000
00215nam a22000857a 4500
008
161116b xxu||||| |||| 00| 0 eng d
100
_9
1246
_a
BPI India
245
_a
The Brave Soldier
260
_a
New Delhi
_b
BPI India
_c
2011
999
_c
3950
_d
3950